000 00973nam a22003137a 4500
003 CHAP
005 20220817041428.0
008 971013s1952 r 00010 d
010 _a14181
011 _a15153
035 _a19227
040 _cCHAP
090 _aFolleto 5352
100 0 0 _aGonzález Marín, Felipe.
_949134
245 _aPraderas de moreras
260 _aMadrid :
_bMinisterio de Agricultura,
_c1952
300 _a8 p.
_b: ilus
490 _aMinisterio de Agricultura. Hojas divulgadoras
_v; 15-52
590 _aBATCH-UPD
_b10
_c20130110
_lUCH01
_h1443
590 _aBATCH-UPD
_b10
_c20130410
_lUCH01
_h0914
590 _aBATCH-UPD
_b10
_c20130914
_lUCH01
_h1831
590 _aCONVERSION
_b10
_c20130109
_lUCH01
_h1309
650 1 4 _aMorera.
_978758
650 1 4 _aSericicultura.
_9104546
830 0 _aMinisterio de Agricultura. Hojas divulgadoras
_v; 15-52
901 _aBK
942 _cFOLL
949 _aFolleto 5352
_bBC
_cFOLL
_d-44585
_eTS1
_i19227
_mD
_si
999 _c14181
_d14181